Index to the Namibian Law Reports 1990-2010 (Record no. 2997)

MARC details
000 -LEADER
fixed length control field 00485nam a22001697a 4500
005 - DATE AND TIME OF INPUT
control field 20240904060826.0
008 - DATA ELEMENTS--GENERAL INFORMATION
fixed length control field 240904b |||||||| |||| 00| 0 eng d
020 ## - INTERNATIONAL STANDARD BOOK NUMBER
International Standard Book Number 9780702186080
041 ## - LANGUAGE CODE
Language code of text English
082 ## - SHELF NUMBER
DDC number 349 NAM
100 ## - MAIN AUTHOR
Language of a work English
245 ## - TITLE STATEMENT
Title Index to the Namibian Law Reports 1990-2010
260 ## - PUBLICATION, DISTRIBUTION, ETC.
Place of publication, distribution, etc. Cape Town:
Name of publisher, distributor, etc. Juta and Company Ltd,
Date of publication, distribution, etc. 2011
300 ## - PHYSICAL DESCRIPTION
Other physical details 412 pages;
Dimensions 26 cm.
650 ## - SUBJECT`
Broad subject Legal practice
Own subject terms Law
942 ## - ADDED ENTRY ELEMENTS (KOHA)
Item type Books
942 ## - ADDED ENTRY ELEMENTS (KOHA)
-- ALISON_BN_VRIES
Holdings
Source of classification or shelving scheme Volume number (bound volume or other part) Not for loan Collection code Home library Current library Shelving location Date acquired Full call number Barcode Price effective from Koha item type
Dewey Decimal Classification Index 1990-2010   The Namibian Law Reports LAW SOCIETY OF NAMIBIA LIBRARY - WINDHOEK LAW SOCIETY OF NAMIBIA LIBRARY - WINDHOEK The Namibian Law Reports 09/04/2024 349 NAM LSN/2023/4223 09/04/2024 Books